header

Migrant women professionals in the European Union (Record no. 75351)

MARC details
000 -LEADER
fixed length control field 01413nam a22003374a 4500
082 04 - DEWEY DECIMAL CLASSIFICATION NUMBER
Classification number 331.4/086/24
100 1# - MAIN ENTRY--AUTHOR NAME
Personal name Zulauf, Monika,
245 10 - TITLE STATEMENT
Title Migrant women professionals in the European Union
260 ## - PUBLICATION, DISTRIBUTION, ETC. (IMPRINT)
Place of publication Basingstoke, Hampshire [England] ;
-- New York :
Name of publisher Palgrave,
Year of publication 2001.
300 ## - PHYSICAL DESCRIPTION
Number of Pages x, 249 p.
650 #0 - SUBJECT ADDED ENTRY--TOPICAL TERM
Topical Term Women in the professions
Topical Term Labor mobility
Topical Term Migrant labor
Topical Term Nurses
Topical Term Women bankers
856 40 - ELECTRONIC LOCATION AND ACCESS
Uniform Resource Identifier http://site.ebrary.com/lib/rucke/Doc?id=10044914

No items available.

© 2026 Rongo University
Contact us: librarian | system librarian | Rongo university